00793nam a2200217Ia 4500003000900000008004100009020001800050040001600068080001900084100002400103245014200127260003800269300001800307650002000325650003500345650003500380650001900415942000700434999001500441952011900456IN-BaIIA211028s9999 xx 000 0 eng d a0-7129-0079-9 cIIA Library a[8]:01:00bBAI aBaily, Francis9957 3aAn account of the Revd. John Flamsteedbthe first astronomer-royal , compiled from his own manuscripts and other authenticcFrancis Baily aLondonbDawsons of Pallmallc1966 aIxxiii, 759p. abiography91224 aBiography-John Flamsteed97224 aJohn Flamsteed Biography97225 aNASA Thesaurus cBK c4092d4092 00104070aBANbBANcGENd1973-01-30g288.50l0o92:52/ BAIp4564r2021-11-05v288.50w1973-01-30yBKGRs. 288.50